Oh, to die down under! abolition of death and gift duties in Australia (Record no. 476223)

000 -LEADER
fixed length control field 00682cam a22001697a 4500
008 - FIXED-LENGTH DATA ELEMENTS--GENERAL INFORMATION
fixed length control field 180718b1981 xxu||||| |||| 00| 0 eng d
082 ## - DEWEY DECIMAL CLASSIFICATION NUMBER
Classification number L242x94 Au78
100 ## - MAIN ENTRY--PERSONAL NAME
Personal name Pedrick, Willard H.
245 ## - TITLE STATEMENT
Title Oh, to die down under! abolition of death and gift duties in Australia
Statement of responsibility, etc. by Willard H. Pedrick
260 ## - PUBLICATION, DISTRIBUTION, ETC.
Place of publication, distribution, etc. Canberra
Name of publisher, distributor, etc. Centre for Research on Federal Financial Relations
Date of publication, distribution, etc. 1981
300 ## - PHYSICAL DESCRIPTION
Extent 141p.
440 ## - SERIES STATEMENT/ADDED ENTRY--TITLE
Title Centre for Research on Federal Financial Rational no.44
500 ## - GENERAL NOTE
General note Australian National University
650 ## - SUBJECT ADDED ENTRY--TOPICAL TERM
Topical term or geographic name entry element Gift Tax - Australia
650 ## - SUBJECT ADDED ENTRY--TOPICAL TERM
Topical term or geographic name entry element Estate Tax - Australia
700 ## - ADDED ENTRY--PERSONAL NAME
Personal name Australian National University,Centre for Research on Federal Financial Relations
Holdings
Withdrawn status Lost status Damaged status Not for loan Permanent Location Current Location Date acquired Full call number Barcode Date last seen Price effective from Koha item type
        Indian Institute of Public Administration Indian Institute of Public Administration 2018-08-04 L242x94 Au78 GR11520 2018-08-04 2018-08-04 GR

Powered by Koha